| 000 | 00642nam a2200205 i 4500 | ||
|---|---|---|---|
| 001 | 34308 | ||
| 003 | ES-MaACL | ||
| 005 | 20230906154918.0 | ||
| 007 | t| | ||
| 008 | 030204s1957 sp ||||1| spa d | ||
| 100 | 1 |
_aBloch, Raymond. _929520 |
|
| 245 | 1 | 4 |
_aLos orígenes de Roma / _cRaymond Bloch ; traducción castellana de Rafael M. Bofill. |
| 260 |
_aBarcelona : _bVergara, _c[1957] |
||
| 300 |
_a162 p. ; _c18 cm. |
||
| 490 | 1 |
_aColección nuevos horizontes ; _v10 |
|
| 700 | 1 |
_aBofill, Rafael M. _929780 |
|
| 830 | 0 |
_aColección nuevos horizontes ; _v10 _9181509 |
|
| 852 |
_aES-MaACL _jC-12597 _bR.40469 |
||
| 999 |
_c34308 _d34308 |
||